Ir para o conteúdo
VuFind
Idioma
English
Deutsch
Español
Français
Italiano
日本語
Nederlands
Português
Português (Brasil)
中文(简体)
中文(繁體)
Türkçe
עברית
Gaeilge
Cymraeg
Ελληνικά
Català
Euskara
Русский
Čeština
Suomi
Svenska
polski
Dansk
slovenščina
اللغة العربية
বাংলা
Galego
Tiếng Việt
Hrvatski
हिंदी
Palavra solta
Título
Autor
Assunto
Área/Cota
ISBN/ISSN
Tag
Pesquisar
Avançada
Pesquisa
Breaking and Dissipation of Oc...
Citar
Enviar por email
Imprimir
Exportar registo
Exportar para RefWorks
Exportar para EndNoteWeb
Exportar para EndNote
permanent_link
A carregar...
Breaking and Dissipation of Ocean Surface Waves
Detalhes bibliográficos
Autor principal:
Alexander
Exemplares
Descrição
Registos relacionados
Registo fonte
LEADER
00197 a2200097 4500
020
260
942
|c
BK
|6
_
245
|a
Breaking and Dissipation of Ocean Surface Waves
100
|a
Alexander
999
|c
62728
|d
62728
Registos relacionados
Breaking and dissipation of ocean surface waves
Por: Babanin, Alexander V.
Publicado em: (2011)
Breaking and dissipation of ocean surface waves
Por: Babanin, Alexander V.
Publicado em: (2011)
Breaking and dissipation of ocean surface waves
Por: Babanin, Alexander V.
Publicado em: (2011)
Breaking and Dissipation of Ocean Surface Waves
Por: Alxander
Ocean waves breaking aerosol fluxes
Por: Massel, Stanislaw R.
Publicado em: (2010)
A carregar...